How Well Do You Know One Direction? - Statistics

General Stats
  • This quiz has been taken 3,812 times
    3,796 since last reset
  • The average score is 13 of 24
Answer Stats
Hint Answer % Correct
Who said this? "even though im as terrifying as a baby penguin" Niall Horan
92%
Who said this? "im a song! guess what i am!" Louis Tomlinson
91%
Who said this? "I'd marry Harry, cause it rhymes" Louis Tomlinson
91%
What show did they compete in? The X Factor
83%
How old is Louis? 20
79%
How old is Harry? 18
77%
What place did they get in that show? 3
76%
What do they call Simon Cowell? Uncle Simon
75%
Who is Irish? Niall Horan
74%
What was their first song together as a band? Torn
73%
Who wrote "Moments"? Ed Sheeran
66%
Who's mum is Anne Cox? Harry Styles
66%
Whats Nialls favorite restaurant? Nandos
62%
Members of the band, oldest to youngest Louis, Zayn, Liam, Niall, Harry
58%
Who's Zayns Girlfriend? Perrie Edwards
47%
Who's Louis' girlfriend? Eleanor Calder
40%
Who is their body guard? Paul Higgins
40%
Who's Liam's girlfriend? Danielle Peazer
26%
People who think they know everything about One Direction are called what? Directionators
18%
Date and time they became a band July 23, 2010 8:22 pm
17%
What was the band origionally going to be called? Status Single
9%
Horan the world? Curls
8%
Who's number did Harry and Louis give out on twitcam? Matt Cardle
6%
What 2 singles are not on their album? Na Na Na, Should've Kissed You
3%
No matching quizzes found
Score Distribution
Percent of People with Each Score
Percentile by Number Answered
Your Score History
You have not taken this quiz since the last reset